Novísima recopilacion de las Leyes de España.
Uloženo v:
| Hlavní autor: | |
|---|---|
| Médium: | Kniha |
| Jazyk: | španělština |
| Vydáno: |
París, Francia
Librería de Don Vicente Salvá.
1846
|
| Témata: | |
| Tagy: |
Přidat tag
Žádné tagy, Buďte první, kdo vytvoří štítek k tomuto záznamu!
|
MARC
| LEADER | 00000nam a2200000 a 4500 | ||
|---|---|---|---|
| 001 | UCJ7366 | ||
| 003 | CL-VaPUC | ||
| 005 | 20210608001432.0 | ||
| 008 | 070124e18460000FR |||||||||||||||||spa|d | ||
| 999 | |c 323456 |d 323454 | ||
| 040 | |c Pontificia Universidad Católica de Valparaíso | ||
| 082 | 0 | 4 | |a 090 CAR 1846 |2 21 |
| 100 | 0 | |a Carlos IV |9 318565 | |
| 245 | 1 | 0 | |a Novísima recopilacion de las Leyes de España. |
| 246 | 1 | 0 | |a Ordenanzas de Bilbao |
| 260 | 0 | 3 | |a París, Francia |b Librería de Don Vicente Salvá. |c 1846 |
| 300 | |a 5 tomos. | ||
| 500 | |a Mandada formar por el señor don Carlos IV. Edición publicada por don Vicente Salvá, en la que van agregadas al fin las Ordenanzas de Bilbao, se han intercalado en cada uno de los doce libros las Leyes de 1805 y 1806 del Suplemento, y se las ha incluído en el Indice cronológico y el de los sumarios de los títulos | ||
| 500 | |a 4§, pasta valenciana.- Anteport.- v.: Pie de imprenta.- Port.- v. en b.- Ejemplar defectuoso (manchas).- Advierte errata.- Ex libris de la Biblioteca de los R. Padres Jesuítas de Valparaíso que revela haber sido traída, esta obra, durante el período en que la UCV estuvo dirigida por los Padres Jesuítas | ||
| 500 | |a t.1: Libros I, II y III | ||
| 500 | |a t.2: Libros IV, V y VI | ||
| 500 | |a t.3: Libros VII y VIII | ||
| 500 | |a t.4: Libros IX, X, XI y XII | ||
| 500 | |a t.5: Indices y ordenanzas de Bilbao | ||
| 500 | |a Viñeta: Escudo de la editorial Vicente Salvá | ||
| 583 | |a last modification |c 20070124 00:00:00 |k Rodrigo Vera | ||
| 600 | 0 | 7 | |a ORDENANZAS DE BILBAO |2 CL-VaPUC |9 515701 |
| 650 | 0 | |a Derecho español |9 255291 | |
| 650 | 7 | |a LIBRO RARO |2 CL-VaPUC |9 504169 | |
| 942 | |c BK |2 ddc | ||
| 945 | |d 20070124 00:00:00 |a rinostro | ||
| 952 | |0 0 |1 0 |2 ddc |4 0 |6 090_000000000000000_CAR_1846 |7 0 |8 X |9 403036 |a FDOBUD |b FDOBUD |d 2019-11-22 |h t.1 |i 1062158 |o 090 CAR 1846 |p 1062158 |r 2019-11-22 |t 1 |w 2019-11-22 |y BK_X |k BUD | ||
| 952 | |0 0 |1 0 |2 ddc |4 0 |6 090_000000000000000_CAR_1846 |7 0 |8 X |9 403037 |a FDOBUD |b FDOBUD |d 2019-11-22 |h t.2 |i 1062166 |o 090 CAR 1846 |p 1062166 |r 2019-11-22 |t 1 |w 2019-11-22 |y BK_X |k BUD | ||
| 952 | |0 0 |1 0 |2 ddc |4 0 |6 090_000000000000000_CAR_1846 |7 0 |8 X |9 403038 |a FDOBUD |b FDOBUD |d 2019-11-22 |h t.3 |i 1062174 |o 090 CAR 1846 |p 1062174 |r 2019-11-22 |t 1 |w 2019-11-22 |y BK_X |k BUD | ||
| 952 | |0 0 |1 0 |2 ddc |4 0 |6 090_000000000000000_CAR_1846 |7 0 |8 X |9 403039 |a FDOBUD |b FDOBUD |d 2019-11-22 |h t.4 |i 1062182 |o 090 CAR 1846 |p 1062182 |r 2019-11-22 |t 1 |w 2019-11-22 |y BK_X |k BUD | ||
| 952 | |0 0 |1 0 |2 ddc |4 0 |6 090_000000000000000_CAR_1846 |7 0 |8 X |9 403040 |a FDOBUD |b FDOBUD |d 2019-11-22 |h t.5 |i 1062190 |o 090 CAR 1846 |p 1062190 |r 2019-11-22 |t 1 |w 2019-11-22 |y BK_X |k BUD | ||
| 952 | |0 0 |1 0 |2 ddc |4 0 |6 090_000000000000000_CAR_1846 |7 0 |8 X |9 403041 |a FDOBUD |b FDOBUD |d 2019-11-22 |h t.2 |i 4625722 |o 090 CAR 1846 |p 4625722 |r 2019-11-22 |t 2 |w 2019-11-22 |y BK_X |k BUD | ||